000
00334nam a2200133Ia 4500
008
100328s9999 xx 000 0 und d
082
_b
61304
100
_a
ाोत्रे मनोहर.
245
_a
उ:शाप.
260
_b
रुपवेा.
630
_a
उ:शाप.
730
_a
उ:शाप.
942
_c
BOOK
999
_c
547399
_d
547396